<?xml version="1.0" encoding="UTF-8"?>
<record
    xmlns:xsi="http://www.w3.org/2001/XMLSchema-instance"
    xsi:schemaLocation="http://www.loc.gov/MARC21/slim http://www.loc.gov/standards/marcxml/schema/MARC21slim.xsd"
    xmlns="http://www.loc.gov/MARC21/slim">

  <leader>01163nam a2200217Ia 4500</leader>
  <controlfield tag="003">OSt</controlfield>
  <controlfield tag="005">20250609145615.0</controlfield>
  <controlfield tag="008">210210b1999   xxu||||| |||| 00| 0 eng d</controlfield>
  <datafield tag="040" ind1=" " ind2=" ">
    <subfield code="c">AL</subfield>
  </datafield>
  <datafield tag="041" ind1=" " ind2=" ">
    <subfield code="a">Kannada</subfield>
  </datafield>
  <datafield tag="082" ind1=" " ind2=" ">
    <subfield code="a">K894.4 RAVK</subfield>
  </datafield>
  <datafield tag="100" ind1=" " ind2=" ">
    <subfield code="a">RAVI BELAGERE</subfield>
    <subfield code="9">167786</subfield>
    <subfield code="d">&#xCB0;&#xCB5;&#xCBF; &#xCAC;&#xCC6;&#xCB3;&#xC97;&#xCC6;&#xCB0;&#xCC6;</subfield>
  </datafield>
  <datafield tag="245" ind1=" " ind2=" ">
    <subfield code="a">Khas bat 96:</subfield>
    <subfield code="b">&#xC96;&#xCBE;&#xCB8;&#xCCD; &#xCAD;&#xCBE;&#xCA4;&#xCCD; &#xCEF;&#xCEC;</subfield>
  </datafield>
  <datafield tag="260" ind1=" " ind2=" ">
    <subfield code="a">Bengaluru</subfield>
    <subfield code="b">Bhavana Prakashana</subfield>
    <subfield code="c">1999</subfield>
  </datafield>
  <datafield tag="300" ind1=" " ind2=" ">
    <subfield code="a">x,246</subfield>
  </datafield>
  <datafield tag="520" ind1=" " ind2=" ">
    <subfield code="a">&#xC87;&#xCA6;&#xCC1; &#xCB2;&#xCC7;&#xC96;&#xC95; &#xCAA;&#xCA4;&#xCCD;&#xCB0;&#xC95;&#xCB0;&#xCCD;&#xCA4; &#xCB0;&#xCB5;&#xCBF; &#xCAC;&#xCC6;&#xCB3;&#xC97;&#xCC6;&#xCB0;&#xCC6;&#xCAF;&#xCB5;&#xCB0; &#xCB9;&#xCBE;&#xCAF;&#xCCD; &#xCAC;&#xCC6;&#xC82;&#xC97;&#xCB3;&#xCC2;&#xCB0;&#xCC1; &#xCB5;&#xCC0;&#xC95;&#xCCD;&#xCB2;&#xCBF;&#xC97;&#xCBE;&#xC97;&#xCBF; &#xCAC;&#xCB0;&#xCC6;&#xCAF;&#xCC1;&#xCA4;&#xCCD;&#xCA4;&#xCBF;&#xCA6;&#xCCD;&#xCA6; &#xCB2;&#xCC7;&#xC96;&#xCA8;&#xC97;&#xCB3; &#xCB8;&#xC82;&#xC97;&#xCCD;&#xCB0;&#xCB9;&#xCB5;&#xCBE;&#xC97;&#xCBF;&#xCA6;&#xCC6;. &#xCB8;&#xCBE;&#xCAE;&#xCBE;&#xC9C;&#xCBF;&#xC95;, &#xCB0;&#xCBE;&#xC9C;&#xC95;&#xCC0;&#xCAF; &#xCAE;&#xCA4;&#xCCD;&#xCA4;&#xCC1; &#xC87;&#xCA4;&#xCB0;&#xCC6; &#xCB0;&#xC82;&#xC97;&#xCA6;&#xCB2;&#xCCD;&#xCB2;&#xCBF; &#xCA8;&#xCA1;&#xCC6;&#xCAF;&#xCC1;&#xCA4;&#xCCD;&#xCA4;&#xCBF;&#xCA6;&#xCCD;&#xCA6; &#xC86;&#xC97;&#xCC1; &#xCB9;&#xCCB;&#xC97;&#xCC1;&#xC97;&#xCB3; &#xCAE;&#xCC7;&#xCB2;&#xCBF;&#xCA8; &#xC85;&#xCB5;&#xCB0; &#xC9F;&#xCC0;&#xC95;&#xCC6; &#xC9F;&#xCBF;&#xCAA;&#xCCD;&#xCAA;&#xCA3;&#xCBF;&#xC97;&#xCB3; &#xCB6;&#xCC8;&#xCB2;&#xCBF; &#xCAE;&#xCA4;&#xCCD;&#xCA4;&#xCC1; &#xCB5;&#xCBF;&#xCB7;&#xCAF; &#xC93;&#xCA6;&#xCC1;&#xC97;&#xCB0;&#xCA8;&#xCCD;&#xCA8;&#xCC1; &#xCB8;&#xCC6;&#xCB3;&#xCC6;&#xCAF;&#xCC1;&#xCA4;&#xCCD;&#xCA4;&#xCB5;&#xCC6;.</subfield>
  </datafield>
  <datafield tag="650" ind1=" " ind2=" ">
    <subfield code="a">Ankana barahagalu</subfield>
    <subfield code="9">167787</subfield>
  </datafield>
  <datafield tag="690" ind1=" " ind2=" ">
    <subfield code="a">Kannada Prose</subfield>
    <subfield code="9">167788</subfield>
  </datafield>
  <datafield tag="906" ind1=" " ind2=" ">
    <subfield code="a">SG03521</subfield>
  </datafield>
  <datafield tag="942" ind1=" " ind2=" ">
    <subfield code="2">ddc</subfield>
    <subfield code="c">SG</subfield>
  </datafield>
  <datafield tag="999" ind1=" " ind2=" ">
    <subfield code="c">114325</subfield>
    <subfield code="d">114325</subfield>
  </datafield>
  <datafield tag="952" ind1=" " ind2=" ">
    <subfield code="0">0</subfield>
    <subfield code="1">0</subfield>
    <subfield code="4">0</subfield>
    <subfield code="7">0</subfield>
    <subfield code="8">Kannada Literature</subfield>
    <subfield code="a">AL</subfield>
    <subfield code="b">AL</subfield>
    <subfield code="c">Kannada Literature</subfield>
    <subfield code="d">2021-02-17</subfield>
    <subfield code="e">Athree Book Centre, Mangalore-01.</subfield>
    <subfield code="g">0.00</subfield>
    <subfield code="l">0</subfield>
    <subfield code="o">K894.4 RAVK</subfield>
    <subfield code="p">SG03521</subfield>
    <subfield code="r">2021-02-17 00:00:00</subfield>
    <subfield code="w">2021-02-17</subfield>
    <subfield code="y">SG</subfield>
  </datafield>
</record>
